| 000 | 00884cam a22002411 4500 | ||
|---|---|---|---|
| 001 | gs 14000294 | ||
| 003 | DLC | ||
| 005 | 20260227111315.0 | ||
| 008 | 790430s1914 xx 000 0 eng c | ||
| 010 | _ags 14000294 | ||
| 035 | _a(OCoLC)4911625 | ||
| 040 |
_aLibrary, U.S. Geol. survey _cOCl _dDLC |
||
| 042 | _apremarc | ||
| 050 | 0 | 0 |
_aQE75 _b.P9 no. 82 |
| 100 | 1 | _aFuller, Myron L. | |
| 245 | 0 | 4 |
_aThe geology of Long Island, New York, _cby Myron L. Fuller. |
| 260 |
_aWashington, _bGovt. print. off., _c1914. |
||
| 300 |
_axvi, 231 p. _billus., plates, maps (part fold., 2 in pocket) fold. tab., diagrs. _c30 cm. |
||
| 490 | 0 | _aUnited States. Geological survey. Professional paper 82 | |
| 500 | _aSome plates printed on both sides of leaf. | ||
| 500 | _a"Development of the geologic literature on long Island": p. 4-20. | ||
| 650 | 0 |
_aGeology _zNew York (State) _zLong Island. |
|
| 999 |
_c25348 _d25348 |
||